000 01372nam a22002657a 4500
999 _c3847
_d3847
003 AR-CdUCM
008 190307b ||||| |||| 00| 0 spa d
020 _a9972510247
040 _aMUNICIPALIDAD PROVINCIAL DEL CUSCO
_cBIBLIOTECA MUNICIPAL DEL CUSCO
082 _a330.985 /
_bG69
100 _aGonzales de Olarte, Efraín
_98594
245 _aEl neoliberalismo a la peruana :
_beconomía política del ajuste estructural, 1990-1997 /
260 _aLima :
_bInstituto de Estudios Peruanos :
_bConsorcio de Investigación Económica,
_c1998.
300 _a146 páginas ;
_bcuadros ;
_c20 cm.
440 _aAnálisis económico
_n : 18
_912370
505 _aContenido: La situación previa -- La crisis económica e institutcional: hiperinflación y recesión -- Hacia una teoría de economía política del ajuste estructural -- El ajuste estructural peruano de los noventa: el modelo neoliberal extremo -- Los siete entrampamientos del ajuste y la dificultad de pasar a al fase de desarrollo ...
650 _aLiberalismo - Economía
_912371
650 _aNeoliberalismo - Perú
_98734
650 _aAjuste estructural económico - Perú
_912372
650 _aCrisis económica - Perú (1990-1997)
_912373
710 _aInstituto de Estudios Peruanos
_936
710 _aConsorcio de Investigación Económica
_912374
942 _2ddc
_cLIBROS
945 _alccs